00335nam a2200121Ia 4500008004100000245007400041260001700115260000900132300000800141650002300149650001200172856002900184170516s9999 xx 000 0 und d aPhenylboronic Acid-Mediated Tumor Targeting of Chitosan Nanoparticles bTheranostics c2016 a6:9 xMedical Technology xMedtech uhttp://www.thno.org/v6i9